书目信息 |
| 题名: |
蔬菜种质资源概论
|
|
| 作者: | 周长久 | |
| 分册: | ||
| 出版信息: | 北京 北京农业大学出版社 1995.08 |
|
| 页数: | 210页 | |
| 开本: | 19cm | |
| 丛书名: | ||
| 单 册: | ||
| 中图分类: | S630.4 | |
| 科图分类: | ||
| 主题词: | 蔬菜园艺 | |
| 电子资源: | ||
| ISBN: | 7-81002-702-6 | |
| 000 | 00538nam0 2200193 45 | |
| 001 | 0308271075 | |
| 005 | 20030827105621.5 | |
| 010 | @a7-81002-702-6@dRMB8.00 | |
| 100 | @a20030827d1995 km y0chiy0120 ea | |
| 101 | @achi | |
| 105 | @a z 000yy | |
| 200 | 1 | @a蔬菜种质资源概论@Ashu cai zhong zhi zi yuan gai lun@f周长久@Fzhou chang jiu |
| 210 | @a北京@c北京农业大学出版社@d1995.08 | |
| 215 | @a210页@c无图表@d19cm | |
| 606 | 0 | @a蔬菜园艺 |
| 690 | @aS630.4@v3 | |
| 701 | 0 | @a周长久 |
| 801 | @aCN@b@c20030827 | |
| 905 | @aBZT@dS630.4@e152 | |
| 蔬菜种质资源概论/周长久.-北京:北京农业大学出版社,1995.08 |
| 210页:无图表;19cm |
| ISBN 7-81002-702-6:RMB8.00 |
| ● |
| 相关链接 |
|
|
|
正题名:蔬菜种质资源概论
索取号:S630.4/152
 
预约/预借
| 序号 | 登录号 | 条形码 | 馆藏地/架位号 | 状态 | 备注 |
| 1 | 84855 | 200024669 | 中心书库中库/ 中库032架B面4列2层7/ [索取号:S630.4/152] | 在馆 | |
| 2 | 84856 | 200024650 | 中心书库中库/ 中库032架B面4列2层8/ [索取号:S630.4/152] | 在馆 | |
| 3 | 84857 | 200024641 | 中心书库中库/ 中库032架B面4列2层9/ [索取号:S630.4/152] | 在馆 | |
| 4 | 84858 | 200024632 | 中心书库中库/ 中库032架B面4列2层10/ [索取号:S630.4/152] | 在馆 | |
| 5 | 84859 | 200024614 | 中心书库中库/ 中库032架B面4列2层4/ [索取号:S630.4/152] | 在馆 | |
| 6 | 84860 | 200024623 | 中心书库中库/ 中库032架B面4列2层5/ [索取号:S630.4/152] | 在馆 | |
| 7 | 84861 | 200024598 | 中心书库中库/ 中库032架B面4列2层6/ [索取号:S630.4/152] | 在馆 | |
| 8 | 84862 | 200024605 | 中心书库中库/ 中库032架B面4列2层2/ [索取号:S630.4/152] | 在馆 | |
| 9 | 84863 | 200024589 | 中心书库中库/ 中库032架B面4列2层3/ [索取号:S630.4/152] | 在馆 | |
| 10 | 84864 | 200024570 | 中心书库中库/ 中库032架B面4列2层1/ [索取号:S630.4/152] | 在馆 |